| 000 | 00444nam a2200181Ia 4500 | ||
|---|---|---|---|
| 999 |
_c3431 _d3431 |
||
| 003 | GBCCL | ||
| 005 | 20241126110454.0 | ||
| 008 | 171128b xxu||||| |||| 00| 0 eng d | ||
| 020 | _a1 85240 187 7 | ||
| 040 | _cgbc | ||
| 082 |
_a269.24 _bDYE |
||
| 100 |
_aDye, Colin _96973 |
||
| 245 |
_aRevival Phenomena / _cColin Dye |
||
| 260 |
_bSovereign World, _aEngland: _c1996 |
||
| 300 |
_a92p.; _c20 cm. |
||
| 650 |
_aRevival _96886 |
||
| 942 |
_2ddc _cBK |
||